Phenology and thermal environment as a means for a physiological classification of wheat varieties and for predicting maturity dates of wheat. : Based on data of Czechoslovakia and of some thermally analogous areas of Czechoslovakia in the United States Pacific Northwest.

Bibliographic Details
Main Author: Nuttonson, M. Y. (Michael Y.), 1904-
Format: Book
Language:English
Published: Washington : American Institute of Crop Ecology, 1953.
Subjects:

MARC

Tag First Indicator Second Indicator Subfields
LEADER 00000cam a2200000 4500
001 in00000042680
005 20151007074824.0
008 770217s1953 dcuab b 00000 eng
010 |a  55015717  
035 |a (OCoLC)02745150 
035 |9 AAF2159AM 
040 |a DLC  |c TEU  |d TXA  |d UtOrBLW 
049 |a TXAM  |c [518765] 
050 0 |a SB191.W5  |b N8 
092 |a 633.11  |b N988p, 1953 
100 1 |a Nuttonson, M. Y.  |q (Michael Y.),  |d 1904- 
245 1 0 |a Phenology and thermal environment as a means for a physiological classification of wheat varieties and for predicting maturity dates of wheat. :  |b Based on data of Czechoslovakia and of some thermally analogous areas of Czechoslovakia in the United States Pacific Northwest. 
264 1 |a Washington :  |b American Institute of Crop Ecology,  |c 1953. 
300 |a 108 pages :  |b maps, diagrams, tables. ;  |c 27 cm. 
336 |a text  |b txt  |2 rdacontent 
337 |a unmediated  |b n  |2 rdamedia 
338 |a volume  |b nc  |2 rdacarrier 
504 |a Bibliography: pages 107-108. 
650 0 |a Wheat  |x Varieties. 
650 0 |a Phenology. 
999 |a MARS 
999 f f |s 73f130e2-a7ba-3a5c-a26d-1cd02f15f2cc  |i 005ba464-a191-39e2-875d-fd1f980f93f3  |t 0 
952 f f |p ric  |a Texas A&M University  |b Rellis Campus  |c Joint Library Facility  |d Remote Storage  |t 0  |e SB191.W5 N8  |h Library of Congress classification  |i unmediated -- volume  |m A14801072447 
998 f f |a SB191.W5 N8  |t 0  |l Remote Storage